Normal view
MARC view
Entry Personal Name
001 - CONTROL NUMBER
- control field: 237860
003 - CONTROL NUMBER IDENTIFIER
- control field: OSt
005 - DATE AND TIME OF LATEST TRANSACTION
- control field: 20250829163954.0
008 - FIXED-LENGTH DATA ELEMENTS
- fixed length control field: 250829|| aca||aabn | a|a d
040 ## - CATALOGING SOURCE
- Original cataloging agency: OSt
- Transcribing agency: OSt
100 ## - HEADING--PERSONAL NAME
- Personal name: JANOVY (John) Ed 7
670 ## - SOURCE DATA FOUND
- Source citation: Work cat.: (OSt)142635: Larry S Roberts 237850, Foundations of parasitology Ed 7, 2005